| 000 | 00327nam a2200133Ia 4500 | ||
|---|---|---|---|
| 008 | 230312s9999||||xx |||||||||||||| ||und|| | ||
| 082 |
_a621.392 _bFAU-S |
||
| 100 | _aFaulconbridge;R.Ian | ||
| 245 | 0 | _aSystems Engineering Practice | |
| 260 | _bArgos Press | ||
| 300 | _a319 | ||
| 650 |
_aEngineering _vTechnology |
||
| 942 | _cBK | ||
| 999 |
_c14361 _d14361 |
||